Reconnais et nomme ces artistes francophones VOL8 - Statistiques

Statistiques générales
  • Ce quiz a été pris 39 fois
  • Le résultat moyen est 9 sur 16
Statistiques - réponses
Par images Réponse % Correct
Zaz
94%
Patrick Bruel
88%
Christophe Willem
85%
Hélène Ségara
76%
France Gall
71%
M
71%
Philippe Katerine
68%
PNL
65%
Serge Lama
62%
Theodora
59%
Ninho
56%
Faudel
53%
Héléna Noguerra
32%
Yael Naim
18%
Yelle
9%
Miossec
3%
Aucun quiz correspondant
Distribution des résultats
% des personnes avec chaque résultat
Percentile par nombre de réponses
Votre historique - résultats
Vous n’avez pas pris ce quiz